Ч. 2; Основы технологии машиностроительного производства

Bibliografiske detaljer
Parent link:Основы технологии машиностроительного производства: учебник для вузов/ В. У. Мнацаканян [и др.]; Владимирский государственный университет имени Александра Григорьевича и Николая Григорьевича Столетовых (ВлГУ) ; под ред. В. А. Тимирязева. Ч. 2.— , 2011.— 978-5-9984-0091-9
Summary:Ихчожены теоретические основы технологии машиностроения - параметры точности деталей и качества машин, вопросы базирования, методы выявления и расчета размерных связей в машинах и технологических процессах. Приведены примеры расчета размерных цепей с использованием пяти методов достижения точности замыкающего звена. Особое внимание уделено вопросам повышения точности и производительности обработки на станках путем использования адаптивных систем управления технологическими процессами. Предназначен для студентов машиностроительных вузов, проходящих обучение на уровне бакалавров, магистров наук и дипломированных инженеров.
Sprog:russisk
Udgivet: 2011
Fag:
Format: MixedMaterials Bog
KOHA link:https://koha.lib.tpu.ru/cgi-bin/koha/opac-detail.pl?biblionumber=213725

MARC

LEADER 00000nam2a2200000 4500
001 213725
005 20231101225834.0
010 |a 9785998400964 
035 |a (RuTPU)RU\TPU\book\233545 
035 |a RU\TPU\book\228499 
090 |a 213725 
100 |a 20120417d2011 m y0rusy50 ca 
101 0 |a rus 
102 |a RU 
105 |a a j 001zy 
200 0 |a Ч. 2 
210 |d 2011 
215 |a 364 с.  |c ил. 
320 |a Библиогр.: с. 361-363. 
330 |a Ихчожены теоретические основы технологии машиностроения - параметры точности деталей и качества машин, вопросы базирования, методы выявления и расчета размерных связей в машинах и технологических процессах. Приведены примеры расчета размерных цепей с использованием пяти методов достижения точности замыкающего звена. Особое внимание уделено вопросам повышения точности и производительности обработки на станках путем использования адаптивных систем управления технологическими процессами. Предназначен для студентов машиностроительных вузов, проходящих обучение на уровне бакалавров, магистров наук и дипломированных инженеров. 
461 1 |0 (RuTPU)RU\TPU\book\141019  |y 978-5-9984-0091-9  |t Основы технологии машиностроительного производства  |o учебник для вузов  |o в 2 ч.  |f В. У. Мнацаканян [и др.]  |g Владимирский государственный университет имени Александра Григорьевича и Николая Григорьевича Столетовых (ВлГУ) ; под ред. В. А. Тимирязева  |v Ч. 2  |d 2011 
606 1 |a Технология машиностроения  |2 stltpush  |3 (RuTPU)RU\TPU\subj\60151  |9 77640 
610 1 |a детали машин 
610 1 |a изготовление 
610 1 |a заготовки 
610 1 |a получение 
610 1 |a технико-экономические показатели 
610 1 |a машиностроительное производство 
610 1 |a подготовка 
610 1 |a организация 
610 1 |a машины 
610 1 |a сборка 
610 1 |a технологические процессы 
610 1 |a поверхности 
610 1 |a обработка 
610 1 |a учебники 
610 1 |a машиностроение 
610 1 |a технология 
675 |a 621.002(075.8)  |v 3 
801 1 |a RU  |b 63413507  |c 20120209 
801 2 |a RU  |b 63413507  |c 20171004  |g RCR 
900 |a Основы технологии машиностроения 
900 |a Технология машиностроительного производства 
900 |a Технология машиностроения 
942 |c BK 
951 |b 151900 
959 |a 7/20120127  |d 5  |e 1050,06  |f ЧЗТЛ:1  |f АНЛ:1  |f УФ:3